Ông già và biển cả

שמור ב:
מידע ביבליוגרפי
מחבר ראשי: Heming Way, Ernest
מחברים אחרים: Huy Phương (dịch và giới thiệu)
פורמט: ספר
יצא לאור: Tp. Hồ Chí Minh Văn nghệ Tp. Hồ Chí Minh
מהדורה:in lần thứ 3
נושאים:
תגים: הוספת תג
אין תגיות, היה/י הראשונ/ה לתייג את הרשומה!
Thư viện lưu trữ: Trung tâm Học liệu Lê Vũ Hùng, Trường Đại học Đồng Tháp
LEADER 00904pam a22002658a 4500
001 00021177
005 20171026081023.0
008 110523s ||||||Viesd
020 |c 12000 
041 0 # |a Vie 
082 1 4 |a 813  |b Ô455GI 
100 0 # |a Heming Way, Ernest 
245 0 0 |a Ông già và biển cả  |c Ernest Heming Way, Huy Phương 
250 # # |a in lần thứ 3 
260 # # |a Tp. Hồ Chí Minh  |b Văn nghệ Tp. Hồ Chí Minh 
300 # # |a 128 tr.  |c 19 cm. 
650 # 4 |a Văn học Mỹ 
650 # 4 |a Văn học nước ngoài 
653 # # |a Tiểu thuyết 
700 0 # |a Huy Phương  |e dịch và giới thiệu 
852 # # |b Kho mượn  |j KM.0009990 
852 # # |b Kho đọc  |j KD.0005648 
852 # # |j KD.0005648  |j KM.0009990 
910 0 # |a Đức  |d 23/05/2011 
980 # # |a Trung tâm Học liệu Lê Vũ Hùng, Trường Đại học Đồng Tháp